01318nam a2200253Ia 4500100002900000250000600029942000700035654001100042245004100053260002700094082001800121300000800139546001200147999001700159952009600176952009600272952012000368952009600488952009600584952009600680952009600776952009600872952009600968 aAmbrosius/ E.E.& others  a2 cBK aanalog aAnalog and digital Signal Processing bThomsan Learningc1999 a621.3822bAMB a807 aENGLISH c20943d20943 001040708CRCaCRCEbCRCEd2023-03-17l0o621.3822 AMBp13671r2023-03-17w2023-03-17yBK 001040708CRCaCRCEbCRCEd2023-03-17l0o621.3822 AMBp13672r2023-03-17w2023-03-17yBK 001040708CRCaCRCEb1234d2023-03-17l1o621.3822 AMBp13673q2009-07-13r2023-06-05s2023-06-05w2023-03-17yBK 001040708CRCaCRCEbCRCEd2023-03-17l0o621.3822 AMBp13674r2023-03-17w2023-03-17yRB 001040708CRCaCRCEbCRCEd2023-03-17l0o621.3822 AMBp13675r2023-03-17w2023-03-17yBK 001040708CRCaCRCEbCRCEd2023-03-17l0o621.3822 AMBp13676r2023-03-17w2023-03-17yBK 001040708CRCaCRCEbCRCEd2023-03-17l0o621.3822 AMBp13677r2023-03-17w2023-03-17yBK 001040708CRCaCRCEbCRCEd2023-03-17l0o621.3822 AMBp13678r2023-03-17w2023-03-17yBK 001040708CRCaCRCEbCRCEd2023-03-17l0o621.3822 AMBp13679r2023-03-17w2023-03-17yBK